[Event "Hamburger Liga Aufstieg"]
[Site "Hamburg"]
[Date "2007.08.25"]
[Round "4.16"]
[White "Weithart, Michael"]
[Black "Pfeiffer, Daniel"]
[Result "1/2-1/2"]
[WhiteElo "1719"]
[BlackElo "1726"]
[PlyCount "65"]
[EventDate "2007.08.13"]
[EventType "swiss"]
[EventRounds "7"]
[EventCountry "GER"]
[SourceTitle "EXT 2022"]
[Source "ChessBase"]
[SourceDate "2021.10.06"]
[SourceVersion "1"]
[SourceVersionDate "2021.10.06"]
[SourceQuality "1"]

1. e4 d5 2. exd5 Nf6 3. c4 e6 4. dxe6 Bxe6 5. d4 Bb4+ 6. Bd2 Qe7 7. Qa4+ Nc6 8. Bxb4 Qxb4+ 9. Qxb4 Nxb4 10. Na3 0-0-0 11. d5 Bf5 12. f3 Rhe8+ 13. Kf2 c6 14. g4 Bg6 15. dxc6 Rd2+ 16. Kg3 bxc6 17. c5 Nc2 18. Ba6+ Kc7 19. Nxc2 Rxc2 20. b4 h5 21. g5 Nd5 22. a3 Bf5 23. h4 Nc3 24. Rh2 Rxh2 25. Kxh2 Re3 26. Kg3 Bd3 27. Kf2 Nd5 28. Bxd3 Rxd3 29. Ne2 Rd2 30. Ke1 Rd3 31. Kf2 Rd2 32. Kf1 Rd3 33. Kf2 1/2-1/2

[Event "Hamburg Junge op"]
[Site "Hamburg"]
[Date "2005.10.07"]
[Round "5"]
[White "Weithart, Michael"]
[Black "Seidel, Michael"]
[Result "1-0"]
[WhiteElo "1936"]
[BlackElo "1650"]
[PlyCount "157"]
[EventDate "2005.10.01"]
[EventType "swiss"]
[EventRounds "9"]
[EventCountry "GER"]
[SourceTitle "CBM 108 Extra"]
[Source "ChessBase"]
[SourceDate "2005.11.04"]
[SourceVersion "1"]
[SourceVersionDate "2005.11.04"]
[SourceQuality "1"]

1. e4 c5 2. Nf3 Nc6 3. d4 cxd4 4. Nxd4 Nf6 5. Nc3 e5 6. Ndb5 d6 7. Bg5 a6 8. Bxf6 gxf6 9. Na3 Bg7 10. Nd5 f5 11. Bd3 fxe4 12. Bxe4 0-0 13. Nc4 f5 14. Ndb6 Rb8 15. Nxc8 Rxc8 16. Bd5+ Kh8 17. c3 Ne7 18. Ne3 Nxd5 19. Qxd5 b5 20. Rd1 Rf6 21. Qb7 Ra8 22. 0-0 Qc8 23. Qxc8+ Rxc8 24. Rd5 Rg8 25. Rfd1 Bf8 26. a4 f4 27. Nf1 Rfg6 28. g3 bxa4 29. Ra1 e4 30. Rxa4 e3 31. fxe3 fxe3 32. Nxe3 Re6 33. Ng2 Re2 34. b4 Rc2 35. Rd3 Bg7 36. Rxa6 Bxc3 37. b5 Rf8 38. Nf4 Be5 39. Ne6 Re8 40. Ng5 Bf6 41. Nf3 Be5 42. Ra7 Rb2 43. Rb7 Rc8 44. Rd2 Rb3 45. Nxe5 dxe5 46. Rdd7 Rb2 47. Rxh7+ Kg8 48. Rhg7+ Kh8 49. Rgf7 e4 50. Rh7+ Kg8 51. Rbg7+ Kf8 52. Rh8+ Kxg7 53. Rxc8 Rxb5 54. Rc4 Re5 55. Kf2 Kf6 56. Ke3 Kf5 57. h3 Re8 58. Rc5+ Kg6 59. Kf4 e3 60. Rc6+ Kf7 61. Rc1 Kg6 62. Re1 Rh8 63. h4 Rf8+ 64. Kxe3 Kh5 65. Kd4 Rd8+ 66. Kc5 Rg8 67. Re3 Rd8 68. Re5+ Kg4 69. Rg5+ Kh3 70. h5 Ra8 71. Kd4 Re8 72. g4 Kg3 73. Rg6 Kf4 74. h6 Rd8+ 75. Kc5 Ke5 76. g5 Rc8+ 77. Kb6 Kf5 78. Rg7 Re8 79. h7 1-0

[Event "Hamburg Junge op"]
[Site "Hamburg"]
[Date "2005.10.03"]
[Round "3"]
[White "Weithart, Michael"]
[Black "Knops, Peter"]
[Result "0-1"]
[WhiteElo "1936"]
[BlackElo "2079"]
[PlyCount "60"]
[EventDate "2005.10.01"]
[EventType "swiss"]
[EventRounds "9"]
[EventCountry "GER"]
[SourceTitle "CBM 108 Extra"]
[Source "ChessBase"]
[SourceDate "2005.11.04"]
[SourceVersion "1"]
[SourceVersionDate "2005.11.04"]
[SourceQuality "1"]

1. e4 c5 2. Nf3 d6 3. d4 cxd4 4. Nxd4 Nf6 5. Nc3 g6 6. Be3 Bg7 7. f3 Nc6 8. Qd2 0-0 9. Bc4 Bd7 10. Bb3 Rc8 11. h4 h5 12. 0-0-0 Ne5 13. Bg5 Rc5 14. Kb1 Qa5 15. Bxf6 Bxf6 16. Nd5 Rxd5 17. Bxd5 Qb6 18. c3 Rc8 19. Ka1 Nc4 20. Qe2 Na5 21. Nb3 e6 22. Nxa5 exd5 23. Nb3 dxe4 24. Qxe4 Rxc3 25. g4 Bc6 26. Qe2 Re3 27. Qd2 Bxf3 28. Rhf1 Rxb3 29. Qc2 Rxb2 30. Qc8+ Kg7 0-1

[Event "Hamburg League qual"]
[Site "Hamburg"]
[Date "2005.08.21"]
[Round "3"]
[White "Weithart, Michael"]
[Black "Bock, Oliver"]
[Result "1-0"]
[WhiteElo "1912"]
[BlackElo "1692"]
[PlyCount "63"]
[EventDate "2005.08.14"]
[EventType "swiss"]
[EventRounds "7"]
[EventCountry "GER"]
[SourceTitle "EXT 2006"]
[Source "ChessBase"]
[SourceDate "2005.11.24"]
[SourceVersion "1"]
[SourceVersionDate "2005.11.24"]
[SourceQuality "1"]

1. e4 c5 2. d4 cxd4 3. c3 d5 4. exd5 Qxd5 5. cxd4 Nc6 6. Nf3 Bg4 7. Nc3 Qa5 8. Bc4 e6 9. 0-0 Nf6 10. h3 Bxf3 11. Qxf3 Be7 12. Bf4 0-0 13. d5 Nd4 14. Qd3 exd5 15. Nxd5 Nxd5 16. Qxd4 Nxf4 17. Qxf4 Bf6 18. Rad1 Rad8 19. b3 Rfe8 20. Qf3 Qc7 21. Rd3 Re7 22. Rfd1 Rde8 23. g3 a6 24. a4 h6 25. Qf5 Re1+ 26. Kg2 R8e5 27. Qf3 R1e2 28. Rd7 Qc6 29. Bxe2 Rxe2 30. Rxb7 Qc2 31. Rb8+ Kh7 32. Qd3+ 1-0

[Event "Hamburg League qual"]
[Site "Hamburg"]
[Date "2005.08.14"]
[Round "1"]
[White "Weithart, Michael"]
[Black "Ristic, Sreten"]
[Result "1-0"]
[WhiteElo "1912"]
[BlackElo "1942"]
[PlyCount "87"]
[EventDate "2005.08.14"]
[EventType "swiss"]
[EventRounds "7"]
[EventCountry "GER"]
[SourceTitle "EXT 2006"]
[Source "ChessBase"]
[SourceDate "2005.11.24"]
[SourceVersion "1"]
[SourceVersionDate "2005.11.24"]
[SourceQuality "1"]

1. e4 d5 2. exd5 Qxd5 3. Nc3 Qa5 4. Nf3 Bg4 5. d4 e6 6. Be2 c6 7. 0-0 Nf6 8. Re1 Be7 9. Ne5 Bxe2 10. Qxe2 Nbd7 11. Nxf7 Kxf7 12. Qxe6+ Kg6 13. Re3 h6 14. Rg3+ Kh7 15. Qxe7 Rhg8 16. Qf7 Qf5 17. Qb3 b5 18. Be3 a5 19. Ne2 Nb6 20. Rf3 Qe4 21. Ng3 Qg6 22. Nf5 Nbd5 23. a3 a4 24. Qd3 Kh8 25. Rg3 Qe8 26. Nh4 g5 27. Nf5 Qg6 28. Nxh6 Qxh6 29. Rh3 Nh5 30. g4 Ndf4 31. Bxf4 gxf4 32. f3 Rg5 33. Kf2 Rag8 34. Re1 Qh7 35. Qxh7+ Kxh7 36. Re5 Rxe5 37. dxe5 Rd8 38. Rxh5+ Kg6 39. Ke2 Rd4 40. h4 b4 41. c3 bxa3 42. bxa3 Rd5 43. e6 Rd8 44. e7 1-0

[Event "Wichern op 6th"]
[Site "Hamburg"]
[Date "2001.10.19"]
[Round "7.64"]
[White "Mueller, Hans Dieter"]
[Black "Weithart, Michael"]
[Result "0-1"]
[WhiteElo "1577"]
[BlackElo "1939"]
[PlyCount "50"]
[EventDate "2001.10.21"]
[EventType "swiss"]
[EventRounds "9"]
[EventCountry "GER"]
[SourceTitle "EXT 2002"]
[Source "ChessBase"]
[SourceDate "2001.11.25"]
[SourceVersion "1"]
[SourceVersionDate "2001.11.25"]
[SourceQuality "1"]

1. e4 c5 2. Nf3 Nc6 3. d4 cxd4 4. Nxd4 Nf6 5. Nc3 d6 6. Bb5 Bd7 7. Bc4 e6 8. Bg5 Be7 9. Ndb5 Qb8 10. Bxf6 gxf6 11. Qg4 a6 12. Na3 b5 13. Bd3 b4 14. Rb1 Qc7 15. Na4 bxa3 16. bxa3 Qa5+ 17. c3 Qxa4 18. 0-0 Ne5 19. Qg7 Rf8 20. Be2 Qxe4 21. Rfe1 Qg6 22. Qxg6 fxg6 23. f4 Nc6 24. Bf3 d5 25. Rb6 Bc5+ 0-1

[Event "Wichern op 6th"]
[Site "Hamburg"]
[Date "2001.10.18"]
[Round "6.67"]
[White "Weithart, Michael"]
[Black "Knop, Hauke"]
[Result "0-1"]
[WhiteElo "1939"]
[BlackElo "1821"]
[PlyCount "64"]
[EventDate "2001.10.21"]
[EventType "swiss"]
[EventRounds "9"]
[EventCountry "GER"]
[SourceTitle "EXT 2002"]
[Source "ChessBase"]
[SourceDate "2001.11.25"]
[SourceVersion "1"]
[SourceVersionDate "2001.11.25"]
[SourceQuality "1"]

1. e4 e5 2. Nf3 Nc6 3. Bb5 a6 4. Ba4 Nf6 5. 0-0 Be7 6. Re1 b5 7. Bb3 0-0 8. c3 d5 9. exd5 Nxd5 10. Nxe5 Nxe5 11. Rxe5 Nf6 12. d4 Bd6 13. Re1 Ng4 14. g3 Nxh2 15. Bd5 Bg4 16. Qd3 c6 17. Bg2 Qf6 18. Kxh2 Rae8 19. Rxe8 Rxe8 20. Be3 Qh4+ 21. Kg1 Bxg3 22. Kf1 Bc7 23. a4 f5 24. axb5 f4 25. Qc4+ Re6 26. f3 fxe3 27. Qe2 Bh3 28. Bxh3 Qxh3+ 29. Ke1 Qh1+ 30. Qf1 Bg3+ 31. Ke2 Qg2+ 32. Kd3 e2 0-1

[Event "Wichern op 6th"]
[Site "Hamburg"]
[Date "2001.10.17"]
[Round "5.54"]
[White "Zacharias, Alexander"]
[Black "Weithart, Michael"]
[Result "1-0"]
[WhiteElo "1788"]
[BlackElo "1939"]
[PlyCount "79"]
[EventDate "2001.10.21"]
[EventType "swiss"]
[EventRounds "9"]
[EventCountry "GER"]
[SourceTitle "EXT 2002"]
[Source "ChessBase"]
[SourceDate "2001.11.25"]
[SourceVersion "1"]
[SourceVersionDate "2001.11.25"]
[SourceQuality "1"]

1. e4 c5 2. c3 Nf6 3. e5 Nd5 4. d4 Nc6 5. Nf3 cxd4 6. Bc4 e6 7. cxd4 Nb6 8. Bb3 Bb4+ 9. Bd2 d6 10. 0-0 dxe5 11. dxe5 Qc7 12. Bxb4 Nxb4 13. Nc3 Bd7 14. Re1 Bc6 15. Nd4 0-0 16. Nxc6 Nxc6 17. Nb5 Qe7 18. Qg4 a6 19. Nd4 Qb4 20. Re4 Nxd4 21. Rxd4 Qc5 22. Qe4 Rac8 23. Rad1 Qc6 24. Qe3 Qc5 25. h4 a5 26. h5 a4 27. h6 g6 28. Qf4 Qe7 29. Bxa4 Nd5 30. Qf3 Qg5 31. Bb3 Ne7 32. Qxb7 Nc6 33. Rd7 Nxe5 34. Bxe6 Nxd7 35. Bxf7+ Kh8 36. Qxd7 Qxh6 37. Be6 Rc1 38. Qd4+ Qg7 39. Qxg7+ Kxg7 40. Rxc1 1-0

[Event "Wichern op 5th"]
[Site "Hamburg"]
[Date "1999.10.21"]
[Round "8"]
[White "Weithart, Michael"]
[Black "Buchholz, Robert"]
[Result "1/2-1/2"]
[WhiteElo "1937"]
[BlackElo "1804"]
[PlyCount "88"]
[EventDate "1999.10.15"]
[EventType "swiss"]
[EventRounds "9"]
[EventCountry "GER"]
[SourceTitle "EXT 2001"]
[Source "ChessBase"]
[SourceDate "2000.11.22"]
[SourceVersion "1"]
[SourceVersionDate "2000.11.22"]
[SourceQuality "1"]

1. c4 e5 2. Nc3 f5 3. e4 d6 4. exf5 Bxf5 5. d3 Nc6 6. Be3 Nf6 7. Nf3 Be7 8. Be2 0-0 9. h3 e4 10. dxe4 Bg6 11. Nd4 Nxd4 12. Qxd4 c5 13. Qd2 Qc7 14. 0-0 Rae8 15. f3 Bf7 16. Rac1 a6 17. Rfd1 Be6 18. Bf4 Rd8 19. Bh2 Qc6 20. Qe3 Nd7 21. Nd5 Bh4 22. g3 Bf6 23. Nxf6+ Nxf6 24. g4 b5 25. b3 bxc4 26. Bxc4 Bxc4 27. Rxc4 Rd7 28. g5 Ne8 29. b4 Qb5 30. Qb3 Rxf3 31. Rxc5+ Rxb3 32. Rxb5 Rxh3 33. Rb8 Kf7 34. Rf1+ Ke7 35. a4 Rc7 36. e5 Rc2 37. exd6+ Nxd6 38. Re1+ Kd7 39. Bf4 Rh4 40. Bxd6 Kxd6 41. Ree8 Ra2 42. Rbd8+ Kc7 43. Rc8+ Kd7 44. Rcd8+ Kc7 1/2-1/2

[Event "Wichern op 5th"]
[Site "Hamburg"]
[Date "1999.10.19"]
[Round "6"]
[White "Koehnke, Martin"]
[Black "Weithart, Michael"]
[Result "1-0"]
[WhiteElo "1780"]
[BlackElo "1937"]
[PlyCount "153"]
[EventDate "1999.10.15"]
[EventType "swiss"]
[EventRounds "9"]
[EventCountry "GER"]
[SourceTitle "EXT 2001"]
[Source "ChessBase"]
[SourceDate "2000.11.22"]
[SourceVersion "1"]
[SourceVersionDate "2000.11.22"]
[SourceQuality "1"]

1. c4 Nf6 2. Nc3 g6 3. d4 Bg7 4. e4 d6 5. Nf3 0-0 6. Be2 e5 7. d5 Nbd7 8. 0-0 Nc5 9. Nd2 Bh6 10. Qc2 a5 11. Nb3 Nxb3 12. Qxb3 Bxc1 13. Raxc1 Nd7 14. Qc2 Nc5 15. Na4 Nxa4 16. Qxa4 f5 17. Bd3 b6 18. Qc2 Qg5 19. Qe2 Rf7 20. Rce1 Bd7 21. b3 Raf8 22. f3 f4 23. Rb1 Qh5 24. Rf2 g5 25. h3 Rg7 26. Kf1 g4 27. Ke1 gxh3 28. gxh3 Qxh3 29. Kd2 Rf6 30. Rh2 Qg3 31. Rbh1 Rfg6 32. Kc3 Qg5 33. Qd1 Qe7 34. Be2 Rg3 35. Kd2 Qg5 36. Qf1 Rg1 37. Rxg1 Qxg1 38. Qxg1 Rxg1 39. a4 Kg7 40. Bd1 Kg6 41. Bc2 h5 42. Bd3 Kg5 43. Ke2 h4 44. Kf2 Rg3 45. Bf1 h3 46. Be2 Kf6 47. Bf1 Ke7 48. Be2 Kd8 49. Bf1 Kc8 50. Be2 Kb7 51. Bd3 c6 52. Bf1 cxd5 53. cxd5 b5 54. axb5 Kb6 55. Rh1 Kc5 56. Rh2 Bxb5 57. Bxh3 Kb4 58. Bg4 Kxb3 59. Rh6 Bd3 60. Rxd6 Bxe4 61. Rb6+ Kc4 62. d6 Bxf3 63. Bxf3 Rg8 64. d7 Rd8 65. Bg4 Kc5 66. Rb1 a4 67. Rc1+ Kd6 68. Ra1 Rb8 69. Rxa4 Kd5 70. Ra2 Kd6 71. Rc2 Rd8 72. Kf3 Ra8 73. Rc8 Ra3+ 74. Kf2 Ra2+ 75. Ke1 Ra1+ 76. Kd2 Ra2+ 77. Kc1 1-0

[Event "Wichern op 5th"]
[Site "Hamburg"]
[Date "1999.10.17"]
[Round "4.83"]
[White "Hersvik, Daniel"]
[Black "Weithart, Michael"]
[Result "1-0"]
[WhiteElo "2165"]
[BlackElo "1937"]
[PlyCount "97"]
[EventDate "1999.10.15"]
[EventType "swiss"]
[EventRounds "9"]
[EventCountry "GER"]
[SourceTitle "EXT 2001"]
[Source "ChessBase"]
[SourceDate "2000.11.22"]
[SourceVersion "1"]
[SourceVersionDate "2000.11.22"]
[SourceQuality "1"]

1. e4 c5 2. Nf3 d6 3. d4 cxd4 4. Nxd4 Nf6 5. Nc3 e6 6. Bg5 a6 7. f4 Be7 8. Qf3 Qc7 9. 0-0-0 Nbd7 10. g4 b5 11. Bxf6 Nxf6 12. g5 Nd7 13. f5 Bxg5+ 14. Kb1 Ne5 15. Qh5 h6 16. fxe6 g6 17. Nd5 Qd8 18. Qh3 Kf8 19. Be2 Kg7 20. Rhf1 Re8 21. Qc3 b4 22. Rxf7+ Kh8 23. Nxb4 Nxf7 24. exf7 Rf8 25. Ne6+ Bf6 26. Qd2 Bg5 27. Qd4+ Bf6 28. Nxf8 Bxd4 29. Nxg6+ Kg7 30. f8Q+ Qxf8 31. Nxf8 Bc5 32. Nxa6 Bxa6 33. Ne6+ Kf6 34. Bxa6 Kxe6 35. Bd3 Rb8 36. Rf1 Bd4 37. b3 Be5 38. Bc4+ Kd7 39. Bd5 Kc7 40. h3 Rb4 41. Rf7+ Kd8 42. Rf3 Rd4 43. Rd3 Rxd3 44. cxd3 Kc7 45. b4 Kb6 46. Bc4 Bd4 47. Kc2 Bf2 48. Kb3 Be1 49. a4 1-0

[Event "Wichern op 5th"]
[Site "Hamburg"]
[Date "1999.10.17"]
[Round "3.96"]
[White "Weithart, Michael"]
[Black "Luckow, Rolf"]
[Result "1/2-1/2"]
[WhiteElo "1937"]
[BlackElo "2122"]
[PlyCount "83"]
[EventDate "1999.10.15"]
[EventType "swiss"]
[EventRounds "9"]
[EventCountry "GER"]
[SourceTitle "EXT 2001"]
[Source "ChessBase"]
[SourceDate "2000.11.22"]
[SourceVersion "1"]
[SourceVersionDate "2000.11.22"]
[SourceQuality "1"]

1. c4 Nf6 2. Nc3 g6 3. g3 Bg7 4. Bg2 0-0 5. e4 d6 6. b3 c5 7. Bb2 Nc6 8. Nge2 Nd4 9. 0-0 e5 10. d3 Be6 11. f4 Bg4 12. h3 Bxe2 13. Nxe2 Ne8 14. Nxd4 cxd4 15. Qd2 f6 16. f5 Qe7 17. Rac1 Rf7 18. Rc2 b6 19. b4 Qf8 20. Qf2 Bh6 21. Bc1 Rc7 22. Kh2 Bxc1 23. Rfxc1 g5 24. Bf3 Rac8 25. b5 Ng7 26. Qe2 Qe8 27. a4 Rc5 28. g4 Qd7 29. Kg3 a6 30. Rb1 axb5 31. axb5 R5c7 32. Ra2 Ra7 33. Rba1 Rca8 34. Ra6 Rxa6 35. bxa6 Ra7 36. Qb2 Qc7 37. Qb5 Kf8 38. Rb1 Qc8 39. Ra1 Qc5 40. Rb1 Qc8 41. Ra1 Qc5 42. Rb1 1/2-1/2

[Event "Wichern op 5th"]
[Site "Hamburg"]
[Date "1999.10.15"]
[Round "1.58"]
[White "Weithart, Michael"]
[Black "Simacek, Pavel"]
[Result "0-1"]
[WhiteElo "1937"]
[BlackElo "2346"]
[PlyCount "54"]
[EventDate "1999.10.15"]
[EventType "swiss"]
[EventRounds "9"]
[EventCountry "GER"]
[SourceTitle "EXT 2001"]
[Source "ChessBase"]
[SourceDate "2000.11.22"]
[SourceVersion "1"]
[SourceVersionDate "2000.11.22"]
[SourceQuality "1"]

1. c4 Nf6 2. Nc3 d6 3. Nf3 g6 4. g3 Bg7 5. Bg2 0-0 6. 0-0 e5 7. d3 Nc6 8. Bd2 Re8 9. Rb1 a5 10. Ng5 h6 11. Nge4 Nh7 12. Nd5 Nd4 13. e3 Ne6 14. f4 c6 15. Ndc3 exf4 16. gxf4 Nc5 17. d4 Nxe4 18. Nxe4 Bf5 19. Ng3 Bxb1 20. Qxb1 f5 21. d5 Qb6 22. Kh1 Nf6 23. h3 cxd5 24. cxd5 Qb5 25. e4 fxe4 26. Nxe4 Nxe4 27. Bxe4 Rxe4 0-1